[Event "Mittelrhein Verbandsliga West 1920"]
[Site "Mittelrhein"]
[Date "2019.10.27"]
[Round "2.3"]
[White "Lauter, Helmut"]
[Black "Esser, Thomas"]
[Result "0-1"]
[WhiteElo "1851"]
[BlackElo "2068"]
[PlyCount "54"]
[EventDate "2019.09.29"]
[EventType "team-tourn"]
[EventRounds "9"]
[EventCountry "GER"]
[SourceTitle "EXT 2023"]
[Source "ChessBase"]
[SourceDate "2022.10.05"]
[SourceVersion "1"]
[SourceVersionDate "2022.10.05"]
[SourceQuality "1"]
[WhiteTeam "Eilendorf Arminia"]
[BlackTeam "Aachen PTSV"]
[WhiteTeamCountry "GER"]
[BlackTeamCountry "GER"]

1. d4 Nf6 2. Nf3 g6 3. Bg5 Bg7 4. Nbd2 d5 5. e3 0-0 6. Bd3 c5 7. c3 Qb6 8. Rb1 Nc6 9. dxc5 Qxc5 10. Nb3 Qb6 11. Nbd4 Re8 12. Nxc6 bxc6 13. 0-0 e5 14. Bxf6 Bxf6 15. e4 Be6 16. b3 Rad8 17. Qc2 Bg4 18. Nd2 Bg5 19. exd5 cxd5 20. Nf3 Bxf3 21. gxf3 Qf6 22. Kg2 Bf4 23. Rh1 e4 24. Be2 Qg5+ 25. Kf1 Qf5 26. h4 exf3 27. Bd3 Qg4 0-1

[Event "Mittelrhein Verbandsliga-W 18/19"]
[Site "Nordrheinwestfalen"]
[Date "2019.05.05"]
[Round "10.3"]
[White "Esser, Thomas"]
[Black "Haverkamp, Klaus"]
[Result "1-0"]
[WhiteElo "2005"]
[BlackElo "1964"]
[PlyCount "95"]
[EventDate "2018.09.02"]
[EventType "team-tourn"]
[EventRounds "11"]
[EventCountry "GER"]
[SourceTitle "EXT 2022"]
[Source "ChessBase"]
[SourceDate "2021.10.06"]
[SourceVersion "1"]
[SourceVersionDate "2021.10.06"]
[SourceQuality "1"]
[WhiteTeam "Aachen PTSV"]
[BlackTeam "Herzogenrath"]
[WhiteTeamCountry "GER"]
[BlackTeamCountry "GER"]

1. d4 d5 2. Nf3 Nf6 3. c4 e6 4. g3 Be7 5. Bg2 0-0 6. 0-0 Nbd7 7. Qc2 c6 8. Nbd2 b6 9. e4 dxe4 10. Nxe4 Bb7 11. Nxf6+ Bxf6 12. Bf4 g6 13. Rad1 Qe7 14. Rfe1 Rac8 15. c5 Rfd8 16. Bd6 Qe8 17. Ne5 Be7 18. Nc4 Ba8 19. b4 b5 20. Bxe7 Qxe7 21. Nd6 Rc7 22. d5 cxd5 23. Nxb5 Rb7 24. a4 Rc8 25. Bxd5 Rbb8 26. Nxa7 Rc7 27. Nb5 Rcc8 28. Bxa8 Rxa8 29. Nd6 Rc6 30. Nc4 Nf6 31. Ne5 Rcc8 32. Rb1 Nd5 33. Rec1 Qa7 34. b5 Qxa4 35. Qxa4 Rxa4 36. b6 Ra6 37. b7 Rb8 38. Nd7 Rxb7 39. Rxb7 Rc6 40. Ne5 Rc8 41. c6 f6 42. Nd7 Ne7 43. c7 Kg7 44. Nb6 Kh6 45. Nxc8 Nxc8 46. Rb8 Ne7 47. Re8 Nf5 48. c8Q 1-0

[Event "Mittelrhein Verbandsliga-W 18/19"]
[Site "Nordrheinwestfalen"]
[Date "2018.12.16"]
[Round "5.3"]
[White "Esser, Thomas"]
[Black "Quintana, Till"]
[Result "1-0"]
[WhiteElo "2005"]
[BlackElo "1788"]
[PlyCount "43"]
[EventDate "2018.09.02"]
[EventType "team-tourn"]
[EventRounds "11"]
[EventCountry "GER"]
[SourceTitle "EXT 2022"]
[Source "ChessBase"]
[SourceDate "2021.10.06"]
[SourceVersion "1"]
[SourceVersionDate "2021.10.06"]
[SourceQuality "1"]
[WhiteTeam "Aachen PTSV"]
[BlackTeam "Uebach Palenberg"]
[WhiteTeamCountry "GER"]
[BlackTeamCountry "GER"]

1. d4 Nf6 2. Nf3 d5 3. c4 e6 4. g3 c5 5. cxd5 exd5 6. Bg2 Nc6 7. 0-0 Be6 8. Nc3 Rc8 9. Be3 b6 10. Rc1 c4 11. Ne5 Nxe5 12. dxe5 Ng4 13. Nxd5 Nxe5 14. Bf4 Ng6 15. Qa4+ Qd7 16. Rxc4 Rxc4 17. Qxc4 Bd6 18. Bxd6 Qxd6 19. Qa4+ Bd7 20. Qxa7 0-0 21. Qxb6 Qe5 22. Qc7 1-0

[Event "Mittelrhein Verbandsliga-W 18/19"]
[Site "Nordrheinwestfalen"]
[Date "2018.10.28"]
[Round "3.3"]
[White "Esser, Thomas"]
[Black "Krings, Thomas"]
[Result "1-0"]
[WhiteElo "2005"]
[BlackElo "2026"]
[PlyCount "61"]
[EventDate "2018.09.02"]
[EventType "team-tourn"]
[EventRounds "11"]
[EventCountry "GER"]
[SourceTitle "EXT 2022"]
[Source "ChessBase"]
[SourceDate "2021.10.06"]
[SourceVersion "1"]
[SourceVersionDate "2021.10.06"]
[SourceQuality "1"]
[WhiteTeam "Aachen PTSV"]
[BlackTeam "Horrem"]
[WhiteTeamCountry "GER"]
[BlackTeamCountry "GER"]

1. d4 Nf6 2. Nf3 g6 3. c4 Bg7 4. Nc3 0-0 5. e4 d6 6. Be2 e5 7. 0-0 Nc6 8. Be3 exd4 9. Nxd4 Nxd4 10. Bxd4 Re8 11. f3 c6 12. Qd2 Qe7 13. Rad1 Bf8 14. Bf2 Be6 15. Bg3 d5 16. cxd5 cxd5 17. e5 Nh5 18. Bf2 a6 19. f4 Ng7 20. Nxd5 Bxd5 21. Qxd5 Red8 22. Qe4 Ne6 23. Be3 Qb4 24. Qxb4 Bxb4 25. Bf3 Bc5 26. Bxc5 Nxc5 27. b4 Nd3 28. Bxb7 Rab8 29. Bxa6 Nxb4 30. Bc4 Rdc8 31. Bb3 1-0

[Event "Mittelrhein Verbandsliga-W 18/19"]
[Site "Nordrheinwestfalen"]
[Date "2018.09.02"]
[Round "1.3"]
[White "Esser, Thomas"]
[Black "Bergmann, Thomas"]
[Result "1-0"]
[WhiteElo "2005"]
[BlackElo "1827"]
[PlyCount "75"]
[EventDate "2018.09.02"]
[EventType "team-tourn"]
[EventRounds "11"]
[EventCountry "GER"]
[SourceTitle "EXT 2022"]
[Source "ChessBase"]
[SourceDate "2021.10.06"]
[SourceVersion "1"]
[SourceVersionDate "2021.10.06"]
[SourceQuality "1"]
[WhiteTeam "Aachen PTSV"]
[BlackTeam "Bergheim"]
[WhiteTeamCountry "GER"]
[BlackTeamCountry "GER"]

1. d4 d5 2. Nf3 Nc6 3. Bf4 Bg4 4. e3 e6 5. c4 Bb4+ 6. Nc3 Nge7 7. h3 Bxf3 8. Qxf3 Ng6 9. Bg3 0-0 10. a3 Bxc3+ 11. bxc3 Nce7 12. cxd5 exd5 13. Bd3 c6 14. 0-0 Nc8 15. c4 dxc4 16. Bxc4 Nb6 17. Bb3 Qe7 18. Rfe1 Rad8 19. a4 Nd5 20. e4 Nb4 21. d5 Ne5 22. Qc3 Ned3 23. Re3 cxd5 24. exd5 Qf6 25. Qxf6 gxf6 26. Bh4 Rd6 27. Rg3+ Kh8 28. Rf3 Kg7 29. Rd1 Ne5 30. Rf4 a5 31. Rfd4 Rfd8 32. Kh2 Nec6 33. dxc6 Rxd4 34. Rxd4 Rxd4 35. c7 Rxh4 36. c8Q b6 37. Qc7 Rh5 38. Qxf7+ 1-0

[Event "Mittelrhein Verbandsliga-W 17/18"]
[Site "Nordrheinwestfalen"]
[Date "2017.11.12"]
[Round "4.6"]
[White "Schmitt, Lars"]
[Black "Esser, Thomas"]
[Result "1/2-1/2"]
[WhiteElo "1796"]
[BlackElo "2006"]
[PlyCount "70"]
[EventDate "2017.09.10"]
[EventType "team-tourn"]
[EventRounds "11"]
[EventCountry "GER"]
[SourceTitle "EXT 2022"]
[Source "ChessBase"]
[SourceDate "2021.10.06"]
[SourceVersion "1"]
[SourceVersionDate "2021.10.06"]
[SourceQuality "1"]
[WhiteTeam "Herzogenrath"]
[BlackTeam "Aachen PTSV"]
[WhiteTeamCountry "GER"]
[BlackTeamCountry "GER"]

1. d4 Nf6 2. c4 g6 3. Nc3 d5 4. e3 Bg7 5. Qb3 e6 6. Qa3 b6 7. Nf3 Bb7 8. cxd5 exd5 9. Bb5+ c6 10. Be2 Nbd7 11. 0-0 c5 12. dxc5 bxc5 13. b4 0-0 14. bxc5 Ne4 15. Nd4 Ndxc5 16. Nxe4 Nxe4 17. Bb2 Qg5 18. Nf3 Bxb2 19. Qxf8+ Kxf8 20. Nxg5 Bxa1 21. Nxe4 dxe4 22. Rxa1 Rc8 23. Bd1 Ke7 24. Kf1 Kd6 25. Ke1 f5 26. Bb3 Bd5 27. Rd1 Rc5 28. Rxd5+ Rxd5 29. Bxd5 Kxd5 30. Kd2 Kc4 31. Kc2 g5 32. g3 g4 33. Kd2 Kb4 34. Kc2 Kc4 35. Kd2 Kb4 1/2-1/2

[Event "Mittelrhein Verbandsliga-W 16/17"]
[Site "Nordrheinwestfalen"]
[Date "2017.04.30"]
[Round "11.2"]
[White "Esser, Thomas"]
[Black "Voulon, Oliver"]
[Result "1/2-1/2"]
[WhiteElo "1973"]
[BlackElo "2042"]
[PlyCount "75"]
[EventDate "2016.09.11"]
[EventType "team-tourn"]
[EventRounds "11"]
[EventCountry "GER"]
[SourceTitle "EXT 2022"]
[Source "ChessBase"]
[SourceDate "2021.10.06"]
[SourceVersion "1"]
[SourceVersionDate "2021.10.06"]
[SourceQuality "1"]
[WhiteTeam "Aachen PTSV"]
[BlackTeam "Lendersdorf"]
[WhiteTeamCountry "GER"]
[BlackTeamCountry "GER"]

1. d4 Nf6 2. Nf3 e6 3. c4 d5 4. g3 Be7 5. Bg2 0-0 6. 0-0 c5 7. cxd5 Nxd5 8. e4 Nf6 9. Nc3 cxd4 10. Nxd4 a6 11. h3 Bb4 12. Be3 Bxc3 13. bxc3 Qc7 14. Qc2 e5 15. Nb3 Be6 16. Rfd1 Nc6 17. Qb2 Bc4 18. Bc5 Rfd8 19. Nd2 b5 20. Nxc4 bxc4 21. Qc2 Rxd1+ 22. Rxd1 Rd8 23. f3 Rxd1+ 24. Qxd1 Qd7 25. Qd6 Qxd6 26. Bxd6 Ne8 27. Bc5 Nc7 28. Bf1 Nb5 29. Bxc4 Nxc3 30. Kf2 Na5 31. Bxa6 Nxa2 32. Bb6 Nb4 33. Bb5 Nac6 34. Bc5 g6 35. Ke3 Nc2+ 36. Kf2 N2d4 37. Bxc6 Nxc6 38. Ke3 1/2-1/2

[Event "Mittelrhein Verbandsliga-W 16/17"]
[Site "Nordrheinwestfalen"]
[Date "2017.04.09"]
[Round "10.2"]
[White "Schettler, Juergen"]
[Black "Esser, Thomas"]
[Result "0-1"]
[WhiteElo "1995"]
[BlackElo "1973"]
[PlyCount "78"]
[EventDate "2016.09.11"]
[EventType "team-tourn"]
[EventRounds "11"]
[EventCountry "GER"]
[SourceTitle "EXT 2022"]
[Source "ChessBase"]
[SourceDate "2021.10.06"]
[SourceVersion "1"]
[SourceVersionDate "2021.10.06"]
[SourceQuality "1"]
[WhiteTeam "Alsdorf SVG"]
[BlackTeam "Aachen PTSV"]
[WhiteTeamCountry "GER"]
[BlackTeamCountry "GER"]

1. Nf3 Nf6 2. g3 d5 3. Bg2 c5 4. 0-0 Nc6 5. d4 cxd4 6. Nxd4 e6 7. c4 Bc5 8. Nb3 Bb6 9. cxd5 Nxd5 10. Nc3 Nxc3 11. bxc3 Qxd1 12. Rxd1 0-0 13. Ba3 Rd8 14. Bc5 Bd7 15. a4 Be8 16. Bd6 Rd7 17. a5 Rad8 18. axb6 axb6 19. e3 Rxd6 20. Rxd6 Rxd6 21. Nd4 Kf8 22. Rb1 Na5 23. Nb5 Bxb5 24. Rxb5 Rd1+ 25. Bf1 Rc1 26. Kg2 Rxc3 27. Rxb6 Rc6 28. Rb5 b6 29. Bd3 Rd6 30. Be4 Nc4 31. Rb4 Ne5 32. Rd4 Rxd4 33. exd4 Ng4 34. Bc6 Ke7 35. h3 Kd6 36. Ba4 Nh6 37. Kf3 Kd5 38. Ke3 Nf5+ 39. Kd3 Nxd4 0-1

[Event "Mittelrhein Regionalliga 15/16"]
[Site "Nordrheinwestfalen"]
[Date "2016.04.10"]
[Round "9.2"]
[White "Christensen, Niels"]
[Black "Esser, Thomas"]
[Result "1-0"]
[WhiteElo "2194"]
[BlackElo "2017"]
[PlyCount "87"]
[EventDate "2015.09.27"]
[EventType "team-tourn"]
[EventRounds "9"]
[EventCountry "GER"]
[SourceTitle "EXT 2022"]
[Source "ChessBase"]
[SourceDate "2021.10.06"]
[SourceVersion "1"]
[SourceVersionDate "2021.10.06"]
[SourceQuality "1"]
[WhiteTeam "Bonn Beuel"]
[BlackTeam "Aachen PTSV"]
[WhiteTeamCountry "GER"]
[BlackTeamCountry "GER"]

1. d4 d5 2. c4 c6 3. Nf3 Nf6 4. Qc2 dxc4 5. Qxc4 Bf5 6. Nc3 e6 7. Bg5 Be7 8. e3 Nbd7 9. Be2 h6 10. Bh4 0-0 11. 0-0 Ne4 12. Bxe7 Qxe7 13. Rfd1 Rfd8 14. Rac1 e5 15. Qb3 Rab8 16. dxe5 Nxc3 17. Qxc3 Bg4 18. h3 Bxf3 19. Bxf3 Nxe5 20. Be2 Rbc8 21. Bf1 Nd7 22. Rd3 Nf6 23. Rcd1 Ne4 24. Qc2 Rxd3 25. Rxd3 Nc5 26. Rd2 Ne6 27. Qe4 Rd8 28. Rxd8+ Qxd8 29. Bc4 Qd6 30. f4 Qd7 31. Bd3 g6 32. Bc4 b5 33. Bb3 Kh7 34. Qe5 Nc7 35. e4 Ne6 36. Kh2 Nd4 37. Bd1 a5 38. Bg4 f5 39. exf5 Nxf5 40. Bf3 Ne7 41. Be4 Qa7 42. Qf6 Qc7 43. Qf7+ Kh8 44. Bxg6 1-0

[Event "Mittelrhein Regionalliga 15/16"]
[Site "Nordrheinwestfalen"]
[Date "2016.02.21"]
[Round "7.3"]
[White "Esser, Thomas"]
[Black "Wecker, Martin"]
[Result "0-1"]
[WhiteElo "2017"]
[BlackElo "2146"]
[PlyCount "100"]
[EventDate "2015.09.27"]
[EventType "team-tourn"]
[EventRounds "9"]
[EventCountry "GER"]
[SourceTitle "EXT 2022"]
[Source "ChessBase"]
[SourceDate "2021.10.06"]
[SourceVersion "1"]
[SourceVersionDate "2021.10.06"]
[SourceQuality "1"]
[WhiteTeam "Aachen PTSV"]
[BlackTeam "Godesberg III"]
[WhiteTeamCountry "GER"]
[BlackTeamCountry "GER"]

1. d4 Nf6 2. c4 c5 3. d5 b5 4. cxb5 a6 5. bxa6 g6 6. Nc3 Bxa6 7. e4 Bxf1 8. Kxf1 d6 9. Nf3 Nbd7 10. g3 Bg7 11. Kg2 0-0 12. Qe2 Qa5 13. Bd2 Rfb8 14. a4 Rxb2 15. Nd1 Rxd2 16. Nxd2 Nxd5 17. exd5 Bxa1 18. Nb3 Qxa4 19. Nxa1 Qxa1 20. Qxe7 Nf6 21. Qxd6 Qd4 22. Re1 Nxd5 23. Qc6 Rd8 24. Ne3 Nxe3+ 25. Rxe3 Qd5+ 26. Qxd5 Rxd5 27. Re8+ Kg7 28. Kf3 g5 29. Ke4 Rd2 30. Rc8 Re2+ 31. Kf5 Rxf2+ 32. Kxg5 h6+ 33. Kg4 f5+ 34. Kh3 Rc2 35. Rc6 c4 36. Rc5 Kg6 37. Rc6+ Kg5 38. Rc5 h5 39. Rc8 Kf6 40. Rh8 c3 41. Rxh5 Rd2 42. Rh4 c2 43. Rc4 Ke5 44. Rc8 Ke4 45. Rc7 Kd3 46. Kh4 Rxh2+ 47. Kg5 Rf2 48. g4 fxg4 49. Kxg4 Rf1 50. Rd7+ Ke4 0-1

[Event "Solingen Karneval op"]
[Site "Solingen"]
[Date "2016.02.07"]
[Round "5"]
[White "Esser, Thomas"]
[Black "Koenig, Falk"]
[Result "1-0"]
[WhiteElo "2003"]
[BlackElo "2066"]
[PlyCount "113"]
[EventDate "2016.02.05"]
[EventType "swiss"]
[EventRounds "5"]
[EventCountry "GER"]
[SourceTitle "EXT 2018"]
[Source "ChessBase"]
[SourceDate "2017.10.13"]
[SourceVersion "1"]
[SourceVersionDate "2017.10.13"]
[SourceQuality "1"]

1. d4 d5 2. c4 c6 3. Nf3 e6 4. e3 Nd7 5. b3 Bb4+ 6. Nbd2 Ngf6 7. Bb2 Ne4 8. a3 Bd6 9. Nxe4 dxe4 10. Nd2 f5 11. c5 Bb8 12. Qh5+ Kf8 13. Bc4 Nf6 14. Qe2 Nd5 15. 0-0-0 Qg5 16. h4 Qh6 17. g4 g6 18. g5 Qg7 19. f3 exf3 20. Qxf3 Ke7 21. h5 gxh5 22. Rxh5 Bd7 23. e4 fxe4 24. Qxe4 Bf4 25. Rdh1 Kd8 26. Bxd5 Bxd2+ 27. Kxd2 cxd5 28. Qh4 Kc8 29. Qe1 b6 30. c6 Bxc6 31. Qxe6+ Qd7 32. Qxd7+ Kxd7 33. g6 h6 34. Rxh6 Rxh6 35. Rxh6 Rg8 36. Kc3 Ke7 37. Bc1 Be8 38. Bg5+ Ke6 39. g7+ Kf7 40. Bf6 Bd7 41. Be5 Rc8+ 42. Kd2 Be6 43. Rf6+ Ke7 44. Rf1 Bg8 45. Rf8 Kd7 46. Bd6 Re8 47. a4 Bh7 48. Ba3 Bg8 49. Bd6 Bh7 50. Be5 Ke7 51. Ke3 Bg8 52. Bd6+ Kd7+ 53. Kf4 Rc8 54. Rxg8 Rxg8 55. Bf8 Ke6 56. Kg5 a6 57. b4 1-0

[Event "Solingen Karneval op"]
[Site "Solingen"]
[Date "2016.02.07"]
[Round "4"]
[White "Sewald, Kathrin"]
[Black "Esser, Thomas"]
[Result "0-1"]
[WhiteElo "1754"]
[BlackElo "2003"]
[PlyCount "110"]
[EventDate "2016.02.05"]
[EventType "swiss"]
[EventRounds "5"]
[EventCountry "GER"]
[SourceTitle "EXT 2018"]
[Source "ChessBase"]
[SourceDate "2017.10.13"]
[SourceVersion "1"]
[SourceVersionDate "2017.10.13"]
[SourceQuality "1"]

1. f4 Nf6 2. Nf3 c5 3. d3 d5 4. e3 Nc6 5. Be2 e6 6. 0-0 Be7 7. h3 Qc7 8. Nh2 Bd7 9. Nd2 e5 10. f5 0-0-0 11. c3 g6 12. fxg6 hxg6 13. e4 Be6 14. Qe1 Nh5 15. Ndf3 f5 16. Ng5 Qd7 17. Nxe6 Qxe6 18. g4 Nf4 19. Bxf4 exf4 20. Bf3 fxe4 21. dxe4 d4 22. Bg2 Kb8 23. e5 Bh4 24. Qe4 Bg3 25. Nf3 Rhe8 26. cxd4 cxd4 27. Rfd1 d3 28. Rd2 Re7 29. Rad1 Qxa2 30. Qxg6 Qe6 31. Qe4 Nxe5 32. Nxe5 Qxe5 33. Qxe5+ Rxe5 34. Rxd3 Rxd3 35. Rxd3 Re1+ 36. Bf1 Kc7 37. Kg2 b6 38. Rc3+ Kd6 39. g5 Re5 40. Rxg3 fxg3 41. Kxg3 Rxg5+ 42. Kf4 Rg1 43. Bc4 Rh1 44. Kg4 Ke5 45. h4 Rg1+ 46. Kh5 a5 47. b3 Kf6 48. Kh6 Rg4 49. h5 Rxc4 50. bxc4 a4 51. c5 bxc5 52. Kh7 a3 53. h6 Kf7 54. Kh8 a2 55. h7 a1Q# 0-1

[Event "Solingen Karneval op"]
[Site "Solingen"]
[Date "2016.02.06"]
[Round "3"]
[White "Esser, Thomas"]
[Black "Runte, Dirk"]
[Result "1-0"]
[WhiteElo "2003"]
[BlackElo "1722"]
[PlyCount "51"]
[EventDate "2016.02.05"]
[EventType "swiss"]
[EventRounds "5"]
[EventCountry "GER"]
[SourceTitle "EXT 2018"]
[Source "ChessBase"]
[SourceDate "2017.10.13"]
[SourceVersion "1"]
[SourceVersionDate "2017.10.13"]
[SourceQuality "1"]

1. d4 Nf6 2. c4 g6 3. g3 Bg7 4. Bg2 d6 5. Nc3 c6 6. Nf3 Nbd7 7. 0-0 0-0 8. e4 e5 9. h3 Re8 10. Be3 Nb6 11. b3 exd4 12. Nxd4 d5 13. exd5 cxd5 14. c5 Nbd7 15. Ndb5 a6 16. Nd6 Rxe3 17. fxe3 Nxc5 18. Nxd5 Be6 19. Nxf6+ Bxf6 20. Rc1 Be5 21. Nxf7 Bxf7 22. Qxd8+ Rxd8 23. Rxc5 Bb8 24. Bxb7 Ba7 25. Rc8 Bxe3+ 26. Kh2 1-0

[Event "Solingen Karneval op"]
[Site "Solingen"]
[Date "2016.02.05"]
[Round "1"]
[White "Esser, Thomas"]
[Black "Tanz, Manfred"]
[Result "1-0"]
[WhiteElo "2003"]
[BlackElo "1604"]
[PlyCount "69"]
[EventDate "2016.02.05"]
[EventType "swiss"]
[EventRounds "5"]
[EventCountry "GER"]
[SourceTitle "EXT 2018"]
[Source "ChessBase"]
[SourceDate "2017.10.13"]
[SourceVersion "1"]
[SourceVersionDate "2017.10.13"]
[SourceQuality "1"]

1. d4 d5 2. c4 e6 3. Nf3 Nf6 4. g3 Be7 5. Bg2 0-0 6. 0-0 dxc4 7. Qc2 c6 8. Qxc4 Nbd7 9. Rd1 Nb6 10. Qc2 Nbd5 11. e4 Nc7 12. Bf4 Nce8 13. Ne5 Nh5 14. Be3 Nhf6 15. Nc3 Nd7 16. Nf3 Ndf6 17. Qb3 Rb8 18. d5 Qa5 19. Bf4 Ra8 20. dxe6 Bxe6 21. Qxb7 Nc7 22. Qxc7 Qc5 23. Na4 Qb5 24. Qxe7 Qxa4 25. Nd4 Rfe8 26. Qc5 Bg4 27. b3 Qa6 28. f3 Bd7 29. Bf1 Qc8 30. Rac1 a5 31. Nxc6 Qb7 32. Qb5 Bxc6 33. Qxc6 Qa7+ 34. Qc5 Qa6 35. Bxa6 1-0

[Event "Mittelrhein Regionalliga 15/16"]
[Site "Nordrheinwestfalen"]
[Date "2016.01.31"]
[Round "6.4"]
[White "Esser, Thomas"]
[Black "Hemmann, Arnold"]
[Result "1/2-1/2"]
[WhiteElo "2021"]
[BlackElo "2108"]
[PlyCount "95"]
[EventDate "2015.09.27"]
[EventType "team-tourn"]
[EventRounds "9"]
[EventCountry "GER"]
[SourceTitle "EXT 2022"]
[Source "ChessBase"]
[SourceDate "2021.10.06"]
[SourceVersion "1"]
[SourceVersionDate "2021.10.06"]
[SourceQuality "1"]
[WhiteTeam "Aachen PTSV"]
[BlackTeam "Godesberg II"]
[WhiteTeamCountry "GER"]
[BlackTeamCountry "GER"]

1. d4 Nf6 2. c4 e6 3. g3 Bb4+ 4. Bd2 Qe7 5. Nf3 Nc6 6. Nc3 0-0 7. Bg2 d6 8. d5 Nb8 9. dxe6 fxe6 10. Nd4 Ng4 11. 0-0 Bc5 12. e3 Ne5 13. Qe2 Nbc6 14. Nxc6 Nxc6 15. Ne4 Bb4 16. Bxb4 Nxb4 17. Rfd1 Nc6 18. Rac1 Bd7 19. Nc3 Be8 20. a3 Rf6 21. c5 Rh6 22. cxd6 cxd6 23. h3 Rd8 24. Nb5 Rf6 25. Rd2 a6 26. Nd4 Nb8 27. Qc4 d5 28. Qc7 Qxc7 29. Rxc7 e5 30. Nb3 Bc6 31. Na5 Rf7 32. Rxf7 Kxf7 33. Nc4 Ke6 34. f4 exf4 35. gxf4 Rf8 36. Ne5 Nd7 37. Nxd7 Kxd7 38. Bxd5 Bxd5 39. Rxd5+ Ke6 40. Re5+ Kd6 41. Re4 Rc8 42. Rd4+ Ke6 43. Rb4 b5 44. Kg2 Rc2+ 45. Kf3 Rh2 46. a4 Rxh3+ 47. Ke4 Rh4 48. axb5 1/2-1/2

[Event "Mittelrhein Regionalliga 15/16"]
[Site "Nordrheinwestfalen"]
[Date "2015.12.13"]
[Round "4.3"]
[White "Pragua, Christoph P"]
[Black "Esser, Thomas"]
[Result "1-0"]
[WhiteElo "2011"]
[BlackElo "2025"]
[PlyCount "83"]
[EventDate "2015.09.27"]
[EventType "team-tourn"]
[EventRounds "9"]
[EventCountry "GER"]
[SourceTitle "EXT 2022"]
[Source "ChessBase"]
[SourceDate "2021.10.06"]
[SourceVersion "1"]
[SourceVersionDate "2021.10.06"]
[SourceQuality "1"]
[WhiteTeam "Koeln SF II"]
[BlackTeam "Aachen PTSV"]
[WhiteTeamCountry "GER"]
[BlackTeamCountry "GER"]

1. d4 d5 2. Nf3 Nf6 3. c4 c6 4. Nc3 dxc4 5. a4 Bf5 6. Ne5 Nbd7 7. Nxc4 Qc7 8. g3 e5 9. dxe5 Nxe5 10. Bf4 Nfd7 11. Bg2 f6 12. 0-0 Nc5 13. e4 Bg6 14. Qe2 Be7 15. Rad1 0-0 16. Be3 Bf7 17. Nxe5 fxe5 18. f4 exf4 19. gxf4 a5 20. Kh1 Rae8 21. Qf2 b6 22. Qg3 Bc4 23. Rg1 Ne6 24. Bh3 Bc5 25. Bxc5 bxc5 26. Bxe6+ Rxe6 27. f5 Qxg3 28. hxg3 Re5 29. Kg2 Rb8 30. Rd2 Rb4 31. Rgd1 Bb3 32. Rd8+ Kf7 33. R1d2 Rexe4 34. Nxe4 Rxe4 35. R2d6 Bd5 36. Kf2 Rb4 37. R8d7+ Kf8 38. Ra7 Rxb2+ 39. Ke1 Ke8 40. Rxg7 c4 41. f6 c3 42. Re7+ 1-0

[Event "Cologne Longerich op-A 12th"]
[Site "Cologne"]
[Date "2015.08.02"]
[Round "4"]
[White "Esser, Thomas"]
[Black "Koellner, Ruben Gideon"]
[Result "1-0"]
[WhiteElo "2008"]
[BlackElo "1681"]
[PlyCount "113"]
[EventDate "2015.07.31"]
[EventType "tourn"]
[EventRounds "5"]
[EventCountry "GER"]
[SourceTitle "EXT 2017"]
[Source "ChessBase"]
[SourceDate "2016.10.25"]
[SourceVersion "1"]
[SourceVersionDate "2016.10.25"]
[SourceQuality "1"]

1. d4 d6 2. Nf3 Nf6 3. c4 Nbd7 4. Nc3 e5 5. e4 Be7 6. Be2 0-0 7. 0-0 Re8 8. Be3 exd4 9. Nxd4 Bf8 10. Qc2 Nc5 11. Bf3 Bg4 12. Bg5 Bxf3 13. Nxf3 h6 14. Bxf6 Qxf6 15. Nd5 Qd8 16. Rfe1 c6 17. Nc3 Qf6 18. Rad1 Ne6 19. Ne2 Rad8 20. Rd2 Qg6 21. a3 Ng5 22. Nxg5 Qxg5 23. Red1 Qe5 24. Ng3 h5 25. f3 g6 26. Ne2 Qc5+ 27. Kh1 Bh6 28. Rd3 b5 29. b4 Qxc4 30. Rc3 Qe6 31. Nd4 Qd7 32. Nxc6 Rc8 33. Ne7+ Qxe7 34. Rxc8 Rxc8 35. Qxc8+ Kg7 36. Qc6 Qe5 37. Qxd6 Qc3 38. Qd4+ Qxd4 39. Rxd4 Bc1 40. Rd3 Kf6 41. Kg1 Ke5 42. Kf2 f6 43. Rd5+ Ke6 44. Rxb5 Bxa3 45. Ke3 Bc1+ 46. Kd3 Bf4 47. Rb7 Bxh2 48. Rxa7 Bd6 49. Ra6 Ke5 50. f4+ Ke6 51. Kd4 Ke7 52. Rxd6 Kxd6 53. e5+ fxe5+ 54. fxe5+ Kc7 55. b5 g5 56. e6 h4 57. b6+ 1-0

[Event "Cologne Longerich op-A 12th"]
[Site "Cologne"]
[Date "2015.08.02"]
[Round "5"]
[White "Theissen, Frank"]
[Black "Esser, Thomas"]
[Result "0-1"]
[WhiteElo "1796"]
[BlackElo "2008"]
[PlyCount "36"]
[EventDate "2015.07.31"]
[EventType "tourn"]
[EventRounds "5"]
[EventCountry "GER"]
[SourceTitle "EXT 2017"]
[Source "ChessBase"]
[SourceDate "2016.10.25"]
[SourceVersion "1"]
[SourceVersionDate "2016.10.25"]
[SourceQuality "1"]

1. e4 c5 2. Nc3 e6 3. g3 d5 4. exd5 exd5 5. d4 cxd4 6. Qxd4 Be6 7. Nf3 Nf6 8. Bg5 Be7 9. Bb5+ Nc6 10. Bxf6 Bxf6 11. Qc5 Qb6 12. Qxb6 axb6 13. a4 0-0-0 14. 0-0-0 Bg4 15. Be2 Bxc3 16. bxc3 Rhe8 17. Rhe1 Rxe2 18. Rxe2 Bxf3 0-1

[Event "Cologne Longerich op-A 12th"]
[Site "Cologne"]
[Date "2015.08.01"]
[Round "3"]
[White "Gelsok, Philipp"]
[Black "Esser, Thomas"]
[Result "1-0"]
[WhiteElo "1871"]
[BlackElo "2008"]
[PlyCount "43"]
[EventDate "2015.07.31"]
[EventType "tourn"]
[EventRounds "5"]
[EventCountry "GER"]
[SourceTitle "EXT 2017"]
[Source "ChessBase"]
[SourceDate "2016.10.25"]
[SourceVersion "1"]
[SourceVersionDate "2016.10.25"]
[SourceQuality "1"]

1. c4 Nf6 2. Nc3 c5 3. Nf3 e6 4. d4 cxd4 5. Nxd4 Nc6 6. Ndb5 d6 7. e4 a6 8. Nd4 Be7 9. Be2 0-0 10. 0-0 Qc7 11. Be3 Ne5 12. Rc1 b6 13. f4 Ned7 14. Bf3 Bb7 15. f5 Nc5 16. fxe6 Nfxe4 17. Nxe4 Nxe4 18. Bxe4 Bxe4 19. exf7+ Rxf7 20. Rxf7 Kxf7 21. Qg4 Bg6 22. Qf3+ 1-0

[Event "Mittelrhein Regionalliga 1415"]
[Site "Mittelrhein"]
[Date "2015.03.15"]
[Round "8.3"]
[White "Fokken, Achim"]
[Black "Esser, Thomas"]
[Result "1-0"]
[WhiteElo "2015"]
[BlackElo "2038"]
[PlyCount "87"]
[EventDate "2014.09.28"]
[EventType "team-tourn"]
[EventRounds "9"]
[EventCountry "GER"]
[SourceTitle "EXT 2023"]
[Source "ChessBase"]
[SourceDate "2022.10.05"]
[SourceVersion "1"]
[SourceVersionDate "2022.10.05"]
[SourceQuality "1"]
[WhiteTeam "Koeln Ford SF"]
[BlackTeam "Horrem"]
[WhiteTeamCountry "GER"]
[BlackTeamCountry "GER"]

1. e4 e5 2. Nf3 Nf6 3. Nxe5 d6 4. Nf3 Nxe4 5. Qe2 Qe7 6. d3 Nf6 7. Bg5 Qxe2+ 8. Bxe2 Be7 9. Nc3 c6 10. 0-0 Na6 11. Rfe1 Nc7 12. Bf1 Ne6 13. Bh4 h6 14. Ne4 Nxe4 15. Bxe7 Kxe7 16. dxe4 Bd7 17. Rad1 Rad8 18. Rd2 Rhe8 19. c4 c5 20. g3 Bc6 21. Bg2 g6 22. Nh4 Nd4 23. f4 Kf6 24. b4 a6 25. bxc5 dxc5 26. e5+ Ke7 27. Kf2 Bxg2 28. Nxg2 b5 29. Ne3 Ke6 30. Rc1 b4 31. Nd5 Rc8 32. Nb6 Rc6 33. Na4 Rd8 34. Rcd1 f6 35. exf6 Kxf6 36. Nxc5 Rxc5 37. Rxd4 Rxd4 38. Rxd4 h5 39. Ke3 Ke6 40. Kd3 a5 41. Rd8 Rf5 42. Rb8 g5 43. Rb6+ Kd7 44. Rb5 1-0